Išeu Macek..

Bibliographic Details
Main Author: Svetoň, Ľuboš, 1962- (Author)
Format: Article
Language:Slovak
PhysicalDescription:Obr. 4.
Subjects:

MARC

LEADER 00000nab a2200000 a 4500
001 vtls000465186
003 SK-MaSNL
005 20260303001024.0
008 120926c1992 xo 0 slo
015 |a SNBRB19rr/mm-uuuuu 
035 |a CL0465319 
040 |a SNKBUCL  |b slo  |c SNKBUCL  |e AACR2 
041 0 |a slo 
044 |a xo  |c SK 
080 |a 374  |2 1981 
100 1 |a Svetoň, Ľuboš,  |d 1962-  |4 aut  |9 103945 
245 1 0 |a Išeu Macek..  |c Ľuboš Svetoň 
300 |b Obr. 4. 
650 0 7 |a regionálna kultúra  |2 snkbucl  |9 67627 
650 0 7 |a osveta  |2 snkbucl  |9 16992 
650 0 7 |a Mestské kultúrne stredisko, Malacky  |2 snkbucl  |9 975902 
651 7 |a 5201  |2 snkbucl  |9 277970 
651 7 |a Malacky (Slovensko)  |2 snkbucl  |9 25103 
655 7 |a články z novín a časopisov  |2 snkbucl  |9 267496 
773 0 |t Národná osveta  |g Roč. 2, č. 13-14 (1992), s. 27-29 
850 |a Slovenská národná knižnica v Martine  |a MTA001 
852 |a SNK  |b KIS3GCP 
958 |a RK 
992 |a RBX 
999 |c 1561385  |d 1563315